Statistics for Immigration to Poland by Country

Click here to take the quiz!

General Stats

  • This quiz has been taken 34 times
  • The average score is 14 of 20

Answer Stats

Population (2024)Country% Correct
101,000Germany
94%
113,000Russia
94%
3,760,000Ukraine
94%
15,000Lithuania
90%
152,000Belarus
87%
75,000Turkey
84%
46,000China
77%
5,000Romania
77%
11,000Georgia
74%
50,000India
74%
60,000Armenia
68%
27,000Azerbaijan
65%
10,000Italy
65%
21,000Moldova
65%
40,000Vietnam
65%
7,000Philippines
52%
20,000Uzbekistan
48%
18,000Bangladesh
45%
6,000North Macedonia
29%
5,000Nepal
26%

Score Distribution

Percentile by Number Answered

Percent of People with Each Score

Your Score History

You have not taken this quiz